LDR 00568naa#a2200169#i#450# 001 EN\\bibl\118252 005 20260415202118.3 011 ## _a1729-9187 100 ## _a20260330b2026####ek#y0engy0150####ca 102 ## _aRU 200 1# _aLinguistic-stylistic characteristics of legal documentary texts _eJournal article 210 1# _aUfa _cUfa Law Institute of the Ministry of Internal Affairs of Russia _d2026 215 ## _a9 с. 608 ## _aJournal article _2local 675 ## _aДругие методы. 81-139 _z 700 #1 _aPetrova _gElena Aleksandrovna 856 4# _aobshtestvo-uyi.editorum.ru _u